|
|
|
|
| LEADER |
00654cam a2200169 7i4500 |
| 001 |
0000023076 |
| 005 |
20140129090000.0 |
| 090 |
0 |
0 |
|a HT151
|b .Y35 2002
|
| 100 |
0 |
|
|a Yazid Saleh
|
| 245 |
1 |
0 |
|a Pemuliharaan bangunan warisan :
|b kajian kes di Melaka dan Pulau Pinang
|c Yazid Bin Saleh.
|
| 260 |
|
|
|a Kuala Lumpur:
|b UM,
|c 2002.
|
| 300 |
|
|
|a xvi, 349 p.:
|b ill.;
|c 30 cm.
|
| 502 |
|
|
|a Fakulti Sastera dan Sains Sosial, Thesis (Ph.D.), UM, 2002
|
| 650 |
0 |
0 |
|a Architecture --
|x Conservation and restoration
|
| 650 |
0 |
0 |
|a Buildings --
|z Melaka
|
| 650 |
0 |
0 |
|a Buildings --
|z Pulau Pinang
|
| 999 |
|
|
|a MRA0000328
|b THESIS
|c MOHD RAZALI AGUS COLLECTION
|e Ground Floor, Bestari Jaya
|